LEADER 01473nam0 2200301 450 001 000034783 005 20221024100938.0 100 $a20221024d1887----km-y0itay50------ba 101 0 $aita 102 $aIT 105 $ay-------001yy 200 1 $a<>promessi sposi$estoria milanese del secolo XVII$econ un cenno sulla vita dell'autore e alcuni giudizi tratti dai critici Giosuč Carducci, Francesco De Sanctis e Luigi Settembrini$fAlessandro Manzoni 210 $aNapoli$cFerdinando Bideri$d1887 215 $a461 p., [8] c. di tav.$cill., ritr.$d20 cm 300 $aLe prime 16 p. sono scritte in numeri romani 316 $aLegatura in quarto di pelle su piatti di cartone rigido; dorso con A., tit. e filetti impressi in oro; ivi, inoltre, antiche etichette di segnatura. La brossura editoriale č all'interno della rilegatura.$5UNIPARTHENOPE 317 $aSulla brossura editoriale: 3613 [n.i.]; Clas XII N.197 Ingres 4477 3L-VII-7G; sul front e a p. VI Timbro A della Reale Biblioteca di Marina.$5UNIPARTHENOPE 410 0$12001 500 10$a<>promessi sposi$914013 610 1 $aLetteratura italiana 676 $a850.9007$v22$9Letteratura italiana, 1814-1859 700 1$aManzoni,$bAlessandro$0293333 712 02$aDue Sicilie: Ministero della Guerra e della Marina$b390 801 0$aIT$bUNIPARTHENOPE$c20221024$gREICAT$2UNIMARC 912 $a000034783 951 $aBORB-N/16$b4477$cFB$d2022 996 $aPromessi sposi$914013 997 $aUNIPARTHENOPE